00230nam a22000977a 4500008004100000020001500041082001500056245001400071260003800085300000900123230619b xxu||||| |||| 00| 0 eng d a1873796641 a294.8bMAR aYoung Man aUSbAutumn House Publishingc1997 a184p